MAASAI MARA UNIVERSITY

LIBRARY CATALOGUE

Contact Us: +254 020 2685356/7 or 0774 057787

Box: 861-20500, NAROK, KENYA

Email: info@mmarau.ac.ke

_How Free Can Religion Be ? / Randall P. Bezanson (Record no. 14596)

MARC details
000 -LEADER
fixed length control field 00471nam a2200157Ia 4500
008 - FIXED-LENGTH DATA ELEMENTS--GENERAL INFORMATION
fixed length control field 151021s9999 xx 000 0 und d
020 ## - INTERNATIONAL STANDARD BOOK NUMBER
International Standard Book Number 252031121
050 ## - LIBRARY OF CONGRESS CALL NUMBER
Classification number KF4865 .B49 2006
245 ## - TITLE STATEMENT
Title _How Free Can Religion Be ? / Randall P. Bezanson
260 ## - PUBLICATION, DISTRIBUTION, ETC. (IMPRINT)
Place of publication, distribution, etc. Chicago : University of Illinois, 2006
300 ## - PHYSICAL DESCRIPTION
Extent 286 p.
500 ## - GENERAL NOTE
General note Includes index
500 ## - GENERAL NOTE
General note Includes index
650 ## - SUBJECT ADDED ENTRY--TOPICAL TERM
Topical term or geographic name as entry element _Church and State -United States
980 ## - EQUIVALENCE OR CROSS-REFERENCE-SERIES STATEMENT--PERSONAL NAME/TITLE [LOCAL, CANADA]
Personal name ^d20131105 10:29:36^oanne

No items available.

© 2016 Maasai Mara University.